ロード中...

The Rebel

書誌詳細
第一著者: Camus,Albert
その他の著者: Bower,Antony(Tr.)
フォーマット: Printed Book
出版事項: England; Penguin Books; 1962
主題:
LEADER 00511nam a22001577a 4500
020 |a 0 14 00.3328 8 
082 |a 100  |b CAM/T K2 
100 |a Camus,Albert  |9 184849 
245 |a The Rebel 
260 |a England;  |b Penguin Books;  |c 1962 
300 |a 269p. 
650 |a English; Philosophy  |9 308242 
700 |a Bower,Antony(Tr.)  |9 184851 
942 |c BK 
999 |c 66391  |d 66391 
952 |0 0  |1 0  |4 0  |6 100_000000000000000_CAM_T_K2  |7 0  |8 Engp  |9 79103  |a MAL  |b MAL  |d 2016-10-26  |e 32859  |l 0  |o 100 CAM/T K2  |p MAL032859  |r 2016-10-26  |t 1  |w 2016-10-26  |y BK